ბათუმის შოთა რუსთაველის სახელმწიფო უნივერსიტეტის ბიბლიოთეკა

ისინი სამშობლოსათვის იბრძოდნენ=Они сражались за Родину (ბიბ.ჩანაწერი № 50129)

000 -LEADER
fixed length control field 00960nam a2200241Ia 4500
001 - CONTROL NUMBER
control field 17067
003 - CONTROL NUMBER IDENTIFIER
control field GE_BSU
008 - FIXED-LENGTH DATA ELEMENTS--GENERAL INFORMATION
fixed length control field 181216s||||||||xx |||||||||||||| ||und||
040 ## - CATALOGING SOURCE
Transcribing agency GE_BSU
080 ## - UNIVERSAL DECIMAL CLASSIFICATION NUMBER
Universal Decimal Classification number 821.161.1-31 + 821.161.1.03=353.1
100 ## - MAIN ENTRY--PERSONAL NAME
Personal name შოლოხოვი, მიხეილ (1905-1984)
245 ## - TITLE STATEMENT
Title ისინი სამშობლოსათვის იბრძოდნენ=Они сражались за Родину
245 ## - TITLE STATEMENT
Remainder of title რომანი
245 ## - TITLE STATEMENT
Statement of responsibility, etc. თარგმნა გიორგი ბაქანიძემ. რედ.გ.ჭეიშვილი
260 ## - PUBLICATION, DISTRIBUTION, ETC.
Place of publication, distribution, etc. ბათუმი
260 ## - PUBLICATION, DISTRIBUTION, ETC.
Name of publisher, distributor, etc. საბჭ. აჭარა
260 ## - PUBLICATION, DISTRIBUTION, ETC.
Date of publication, distribution, etc. 1982
300 ## - PHYSICAL DESCRIPTION
Extent 216გვ. ; 20სმ.
520 ## - SUMMARY, ETC.
Summary, etc. პარალ. თავფურ. რუს.
653 ## - INDEX TERM--UNCONTROLLED
Uncontrolled term ისინი სამშობლოსათვის იბრძოდნენ
653 ## - INDEX TERM--UNCONTROLLED
Uncontrolled term რომანი
942 ## - ADDED ENTRY ELEMENTS (KOHA)
Koha item type წიგნი
ეგზემპლარები
Withdrawn status Lost status Damaged status Not for loan Date acquired Barcode Date last seen Price effective from Koha item type
        2018-12-17 21557 2018-12-17 2018-12-17 წიგნი
        2018-12-17 21558 2018-12-17 2018-12-17 წიგნი
        2018-12-17 21559 2018-12-17 2018-12-17 წიგნი